| 000 | 00822nam a2200229Ia 4500 | ||
|---|---|---|---|
| 001 | L150-1346 | ||
| 003 | IT-CnALBA | ||
| 008 | 170116s9999||||xx |||||||||||||| ||und|| | ||
| 040 |
_aIT-CnALBA _cIT-CnALBA |
||
| 041 | _aITALIANO | ||
| 100 | _aGUITTON JEAN, ACCADEMICO DI FRANCIA | ||
| 245 | 0 | _aARTE NUOVA DI PENSARE. LAVORO INTELLETTUALE. | |
| 250 | _a1a ed. | ||
| 260 |
_aCINISELLO BALSAMO (MI) _bEDIZIONI PAOLINE _c1973 [1° Ed.: n.d.] |
||
| 300 | _a215 p. | ||
| 500 | _aCOPIA RILEGATA INSERITA NELLE ENCICLOPEDIE SAIE. INDICE AUTORI 281. | ||
| 501 | _aSocietà San Paolo EM - Piazza San Paolo, 14 - 12051 ALBA (CN) (non commercial uses only) ® Copyright 2017 | ||
| 520 | _aCOPIA RILEGATA INSERITA NELLE ENCICLOPEDIE SAIE. INDICE AUTORI 281. | ||
| 650 | _aPSICOLOGIA | ||
| 942 | _cBK | ||
| 957 | _71 | ||
| 999 |
_a2337 _bNO _g Copie: 1 _c260574 _d260574 |
||